Algunos aspectos de interés en la aplicación de modelos econométricos a la política fiscal (Record no. 122247)
[ view plain ]
| 000 -CABECERA | |
|---|---|
| campo de control de longitud fija | 00725nab#a2200217#c#4500 |
| 003 - IDENTIFICADOR DEL NÚMERO DE CONTROL | |
| campo de control | IEF |
| 005 - FECHA Y HORA DE LA ÚLTIMA TRANSACCIÓN | |
| campo de control | 20191210185132.0 |
| 008 - CÓDIGOS DE INFORMACIÓN DE LONGITUD FIJA | |
| campo de control de longitud fija | 950704s1975 uuu|| #####0 b| |u |
| 040 ## - FUENTE DE LA CATALOGACIÓN | |
| Centro catalogador de origen | IEF |
| Centro transcriptor | ES-MaIEF |
| 100 1# - PUNTO DE ACCESO PRINCIPAL - NOMBRE DE PERSONA | |
| Nombre de persona | Lagares Calvo, Manuel Jesús |
| 9 (RLIN) | 24628 |
| 245 ## - MENCIÓN DE TÍTULO | |
| Título | Algunos aspectos de interés en la aplicación de modelos econométricos a la política fiscal |
| Mención de responsabilidad etc. | Manuel J. Lagares Calvo, José V. Sevilla Segura |
| 260 ## - PUBLICACIÓN, DISTRIBUCIÓN, ETC. (PIE DE IMPRENTA) | |
| Fecha de publicación distribución etc. | 1975 |
| 500 ## - NOTA GENERAL | |
| Nota general | Conclusiones,Bibliografía |
| 650 #4 - PUNTO DE ACCESO ADICIONAL DE MATERIA--TÉRMINO DE MATERIA | |
| Término de materia o nombre geográfico como elemento inicial | POLITICA FISCAL |
| 9 (RLIN) | 48067 |
| 650 #4 - PUNTO DE ACCESO ADICIONAL DE MATERIA--TÉRMINO DE MATERIA | |
| Término de materia o nombre geográfico como elemento inicial | MODELOS ECONOMETRICOS |
| 9 (RLIN) | 47776 |
| 700 ## - PUNTO DE ACCESO ADICIONAL--NOMBRE DE PERSONA | |
| 9 (RLIN) | 40905 |
| Nombre de persona | Sevilla Segura, José Víctor |
| 773 0# - ENLACE AL DOCUMENTO FUENTE | |
| Título | Hacienda pública española |
| Número de control del registro relacionado | 34570 |
| Parte(s) relacionada(s) | 37, p. 31-39 |
| 942 ## - ELEMENTOS DE PUNTO DE ACCESO ADICIONAL (KOHA) | |
| Fuente del sistema de clasificación o colocación | |
| 942 ## - ELEMENTOS DE PUNTO DE ACCESO ADICIONAL (KOHA) | |
| Fuente del sistema de clasificación o colocación | |
| Estado de retiro | Estado de pérdida | Estado dañado | No para préstamo | Localización permanente | Fecha de adquisición | Signatura topográfica completa | Código de barras | Fecha visto por última vez | Precio válido a partir de | Tipo de ítem Koha |
|---|---|---|---|---|---|---|---|---|---|---|
| Disponible para préstamo | IEF | 1995-07-04 | HPE/1975/37-2 | HPE/1975/37-2 | 2018-02-19 | 2018-02-19 | Artículos |